00975nam a2200241 a 450000500170000000800410001705000250005810000220008324500460010526000200015152003060017165000310047765000200050865000190052865000290054765000290057665000230060565000140062865000220064265000170066465000300068170000220071120140414093850.0140204s19uu xx 00 eng d aPA 4413.07bS66 1957 a Guthrie, Tyrone aSophocles:Oedipus Rex. /cTyrone Guthrie. aUSA :bCorinth. aThe land ruled by King Oedipus is plagued by ill-fortune and the people are promised relief by the gods if the slayer of the former king is apprehended and punished. This does not bode well for King Oedipus and his Queen. (Performed in masks by the Stratford, Ontario, Shakespearean Festival Players.) aAn Introduction to Oedipus aPraise the King aA Proclamation aThe Prophecy of Tiresias aCreon, Traitor of friend aRage Against Laius aGood News aNo Son of Polybus aThe Herdsman aMost Miserable of All Men aPolonsky ,Abraham